000 01016nam0a2200277 4500
001 RU\NLR\bibl\1732209
005 20260405220608.0
010 _a978-5-17-070685-3
_bАСТ (Нов. фр. линия)
010 _a978-5-271-31473-5
_bАстрель
_93000
021 _aRU
_b2011-89
_97
035 _a(NLR Aleph) 001723156
090 _a1352568
_c1352568
100 _a20110207d2010 |||y0rusy50 ca
101 1 _arus
_cfre
102 _aRU
105 _ay |||||||||
200 1 _aУбитых ноль
_aМуж и жена
_e[романы]
_fРежис де Са Морейра
_g[пер. с фр. Нуриева В.А. и Соколова П.В.]
210 _aМосква
_cАСТ
_cАстрель
_d2010
215 _a315, [3] с.
_d19
686 _aШ6(4Фр)67-440.4{Лх1649-50}
700 1 _4070
_8rus
_7ca
_aСа Морейра
_bР. де
_f1973-
_gРежис де
_3RU\NLR\auth\7798994
_981920
801 0 _aRU
_bNLR
_c20110207
_gRCR
801 1 _aRU
_bNLR
_c20110207
942 _cBOOK
980 _aNB